| 000 | 00472nam a2200169Ia 4500 | ||
|---|---|---|---|
| 999 |
_c28055 _d28055 |
||
| 003 | OSt | ||
| 005 | 20210101093705.0 | ||
| 008 | 190216s9999||||xx |||||||||||||| ||und|| | ||
| 040 | _coclc | ||
| 082 |
_a894.812301 _bVAL/K |
||
| 100 |
_aValsala, P _96547 |
||
| 245 | 0 |
_aKali 98 Thudarcha / _cP Valsala |
|
| 260 |
_bPrabhath Book House, _aTrivandrum: |
||
| 300 | _a95p | ||
| 650 | _aKathakal | ||
| 942 |
_cBK _2ddc _h894.812301 _iVAL/K _k894.812301 _mVAL/K |
||